Statistics for Book Adaptations Part 2

Click here to take the quiz!

General Stats

  • This quiz has been taken 3 times
  • The average score is 9 of 20

Answer Stats

AuthorBook Adaptations% Correct
F. Scott FitzgeraldThe Great Gatsby
100%
R. R. MartinGame of Thrones
67%
Charles DickensGreat Expectations
67%
Stephen KingIT
67%
Yann NartelLife of Pi
67%
Jane AustenPride and Prejudice
67%
Kathryn StockettThe Help
67%
Cecily Brooke von ZiegesarGossip Girl
33%
Diana GabaldonOutlander
33%
Sara ShepardPretty Little Liars
33%
Emma DonoghueRoom
33%
C. S. LewisThe Chronicles of Narnia
33%
Lauren WeisbergerThe Devil Wears Prada
33%
Angie ThomasThe Hate U Give
33%
Cassandra ClareThe Mortal Instruments
33%
Emma McLaughlin and Nicola KrausThe Nanny Diaries
33%
S. E. HintonThe Outsiders
33%
L. J. SmithThe Secret Circle
33%
Aravind AdigaThe White Tiger
33%
Jenny HanTo All the Boys I've Loved Before
0%

Score Distribution

Percentile by Number Answered

Percent of People with Each Score

Your Score History

You have not taken this quiz